000 00400nam a2200133 i 4500
001 bg
100 1 _aKRZYŻEWSKI, Janusz
245 0 _aWpływ bodźców materialnego zainteresowania postaw pracowników umysłowych w przedsiębiorstwie budowlanym /
_cJanusz Krzyżewski.
260 _aWarszawa,
_c1969.
040 _cBPK
041 _apol
942 _cKS
008 s pl f |000 0 pol
999 _c26089
_d26089
856 _uhttp://koha.tu.koszalin.pl/cgi-bin/koha/opac-detail.pl?biblionumber=26089
_yKatalog online BPK